000 00711nam a22002537a 4500
003 UA-OsUOA
001 23604
007 ta
008 20040126b un ||||| |||| 00| 0 ukr d
100 _aЗахожай В.Б.
090 _a311.3:331.5(075)
_bЗ-38
942 _cBK
040 _aUA-OsUOA
_brus
_cUA-OsUOA
_dUA-OsUOA
245 _aСтатистика труда и занятости
300 _a77 с.
_bІлюстрації
955 _a0
041 _arus
080 _a311.3:331.5(075)
020 _a966-608-035-4
260 _aКиев
_bМежрегиональная Академия Управления Персоналом
_c2000
044 _aRU
650 7 _2UDC
999 _c309856
_d309856